000 00479nam a2200181Ia 4500
001 24348
005 20260414151037.0
008 260414t2016||||xx |||||||||||||| ||spa||
041 _aESP
082 _a345.5
_bS17
100 _aSalinas Siccha, Ramiro
_eAUT
245 0 _aLos delitos contra la libertad e indemnidad sexual :
_bdoctrina y jurisprudencia
260 _c2016
300 _a576 páginas :
_c25 cm.
650 _aDER
654 _aCDE
942 _cLIB
_dJUS
_fJUS
_2ddc
_n
999 _c24348
_d24348